[Event "Reunion op 10th"]
[Site "St Denis"]
[Date "2008.10.12"]
[Round "3"]
[White "Thim Siong, Matthieu"]
[Black "Deschamps, Antoine"]
[Result "1-0"]
[WhiteElo "1399"]
[BlackElo "1499"]
[PlyCount "51"]
[EventDate "2008.10.11"]
[EventType "swiss"]
[EventRounds "9"]
[EventCountry "RUF"]
[SourceTitle "EXT 2009"]
[Source "ChessBase"]
[SourceDate "2008.11.26"]
[SourceVersion "1"]
[SourceVersionDate "2008.11.26"]
[SourceQuality "1"]

1. Nf3 e5 2. d3 d5 3. Nxe5 Nc6 4. Nxc6 bxc6 5. Nd2 Nf6 6. Nf3 Bb7 7. g3 Bd6 8. Bg2 0-0 9. 0-0 Re8 10. Re1 Qd7 11. Bd2 h6 12. Rc1 c5 13. c3 c4 14. Be3 Re7 15. Nd4 c5 16. Nc2 d4 17. cxd4 cxd4 18. Bxd4 Re6 19. Bh3 Re7 20. Bxd7 Rxd7 21. Ne3 cxd3 22. exd3 Re8 23. Bxf6 gxf6 24. Nf5 Rc7 25. Qg4+ Kh8 26. Qg7# 1-0